Idiomas oficiales que no es el más hablado - Estadísticas

Estadísticas generales
  • Esta prueba ha sido intentada 43 veces
  • La puntuación promedio es 8 de 11
Estadísticas de respuestas
Hint Respuesta % Correcto
Cataluña Catalan
97%
Irlanda Irlandes
97%
Gales Gales
92%
Peru, Bolivia Quechua
92%
Luxemburgo Luxemburgues
89%
Pais basco Euskera
78%
Paraguay Guarani
72%
Francia Breton
44%
Peru, Bolivia Aymara
42%
Noruega, Suecia sami
39%
Paises Bajos Frison
19%
No se encontraron pruebas coincidentes
Distribución de puntuación
Porcentaje de gente con cada puntuación
Porcentaje por número respondido
Historial de tus puntuaciones
No has intentado esta prueba.